000 00826nam a2200241 4500
001 178757
003 ES-MaACL
005 20250911062850.0
008 110616s2009 sp |||| | spa d
020 _a978-84-9895-729-7
080 _a821.134.2(861)-14"19"
100 1 _aRoca, Juan Manuel,
_d1946-
_9147221
245 1 0 _aBiblia de pobres
_b= (Biblia pauperum) /
_cJuan Manuel Roca.
246 3 1 _aBiblia pauperum
260 _aMadrid :
_bVisor Libros,
_c[2009]
300 _a84 p. ;
_c20 cm.
490 1 _aColección Visor de poesía ;
_v729
586 _aIX Premio Casa de América de Poesía Americana
830 0 _aColección Visor de poesía
_v729
_9177331
852 _aES-MaACL
_jA-11285
_9185617
_bR.145633
_cDEPO1
_dOlim: N-4289
942 _2udc
_cMONOGRAFIA
999 _c178757
_d178757